MARC details
| 000 -LEADER |
| fixed length control field |
01913nam a2200277 a 4500 |
| 008 - FIXED-LENGTH DATA ELEMENTS--GENERAL INFORMATION |
| fixed length control field |
120416s1994 ||||||||||||||||| || u |
| 020 ## - INTERNATIONAL STANDARD BOOK NUMBER |
| International Standard Book Number |
0750617985 |
| 050 ## - LIBRARY OF CONGRESS CALL NUMBER |
| Classification number |
TA 658.2 Mac |
| 100 ## - MAIN ENTRY--PERSONAL NAME |
| Personal name |
Macdonald, Angus J |
| 245 10 - TITLE STATEMENT |
| Title |
Structure and architecture |
| 260 ## - PUBLICATION, DISTRIBUTION, ETC. |
| Place of publication, distribution, etc. |
Oxford |
| Name of publisher, distributor, etc. |
Butterworth-Heinemann |
| Date of publication, distribution, etc. |
1994 |
| 300 ## - PHYSICAL DESCRIPTION |
| Extent |
x, 131 p. : ill. |
| 350 ## - |
| -- |
0.00 |
| 650 ## - SUBJECT ADDED ENTRY--TOPICAL TERM |
| Topical term or geographic name entry element |
TEXTBOOKS |
| 650 ## - SUBJECT ADDED ENTRY--TOPICAL TERM |
| Topical term or geographic name entry element |
STRUCTURAL DESIGN |
| 650 ## - SUBJECT ADDED ENTRY--TOPICAL TERM |
| Topical term or geographic name entry element |
ARCHITECTRURE--ZAMBIA |
| 995 ## - |
| -- |
ANNEX COLLECTION (Main Library) |
| -- |
0.00 |
| -- |
731474 |
| -- |
CBU-MAIN LIBRARY (Kitwe) |
| -- |
5 |
| -- |
10.50 |
| -- |
TA 658.2 Mac |
| -- |
5 |
| -- |
AVAILABLE |
| -- |
028730 |
| -- |
Annex Low-Usage Collection |
| 995 ## - |
| -- |
ANNEX COLLECTION (Main Library) |
| -- |
0.00 |
| -- |
731746 |
| -- |
CBU-MAIN LIBRARY (Kitwe) |
| -- |
2 |
| -- |
10.50 |
| -- |
TA 658.2 Mac |
| -- |
2 |
| -- |
AVAILABLE |
| -- |
029257 |
| -- |
Annex Low-Usage Collection |
| 995 ## - |
| -- |
ANNEX COLLECTION (Main Library) |
| -- |
0.00 |
| -- |
731745 |
| -- |
CBU-MAIN LIBRARY (Kitwe) |
| -- |
8 |
| -- |
10.50 |
| -- |
TA 658.2 Mac |
| -- |
8 |
| -- |
AVAILABLE |
| -- |
029256 |
| -- |
Annex Low-Usage Collection |
| 995 ## - |
| -- |
ANNEX COLLECTION (Main Library) |
| -- |
0.00 |
| -- |
731747 |
| -- |
CBU-MAIN LIBRARY (Kitwe) |
| -- |
9 |
| -- |
10.50 |
| -- |
TA 658.2 Mac |
| -- |
9 |
| -- |
AVAILABLE |
| -- |
029258 |
| -- |
Annex Low-Usage Collection |
| 995 ## - |
| -- |
ANNEX COLLECTION (Main Library) |
| -- |
0.00 |
| -- |
731473 |
| -- |
CBU-MAIN LIBRARY (Kitwe) |
| -- |
1 |
| -- |
10.50 |
| -- |
TA 658.2 Mac |
| -- |
1 |
| -- |
AVAILABLE |
| -- |
028731 |
| -- |
Annex Low-Usage Collection |
| 995 ## - |
| -- |
ANNEX COLLECTION (Main Library) |
| -- |
0.00 |
| -- |
731472 |
| -- |
CBU-MAIN LIBRARY (Kitwe) |
| -- |
3 |
| -- |
10.50 |
| -- |
TA 658.2 Mac |
| -- |
3 |
| -- |
AVAILABLE |
| -- |
028734 |
| -- |
Annex Low-Usage Collection |
| 995 ## - |
| -- |
ANNEX COLLECTION (Main Library) |
| -- |
0.00 |
| -- |
730614 |
| -- |
CBU-MAIN LIBRARY (Kitwe) |
| -- |
6 |
| -- |
10.50 |
| -- |
TA 658.2 Mac |
| -- |
6 |
| -- |
AVAILABLE |
| -- |
027375 |
| -- |
Annex Low-Usage Collection |
| 995 ## - |
| -- |
ANNEX COLLECTION (Main Library) |
| -- |
0.00 |
| -- |
731748 |
| -- |
CBU-MAIN LIBRARY (Kitwe) |
| -- |
7 |
| -- |
10.50 |
| -- |
TA 658.2 Mac |
| -- |
7 |
| -- |
AVAILABLE |
| -- |
029259 |
| -- |
Annex Low-Usage Collection |
| 995 ## - |
| -- |
ANNEX COLLECTION (Main Library) |
| -- |
0.00 |
| -- |
731475 |
| -- |
CBU-MAIN LIBRARY (Kitwe) |
| -- |
4 |
| -- |
10.50 |
| -- |
TA 658.2 Mac |
| -- |
4 |
| -- |
AVAILABLE |
| -- |
028778 |
| -- |
Annex Low-Usage Collection |
| 999 ## - |
| -- |
76926 |
| -- |
76926 |